|
|
|
|
| LEADER |
01030nam a2200277 a 4500 |
| 001 |
13188838 |
| 008 |
130117s2003 ctu b 001 0 eng d |
| 010 |
|
|
|a 2003052887
|
| 020 |
|
|
|a 9780897898454
|
| 020 |
|
|
|a 0897898451 (alk. paper)
|
| 020 |
|
|
|a 089789846X (pbk. : alk. paper)
|
| 040 |
|
|
|a DLC
|c DLC
|d DLC
|d BD-DhAAL
|
| 082 |
0 |
0 |
|a 306.4/61
|2 21
|
| 100 |
1 |
|
|a Baer, Hans A.,
|d 1944-
|
| 245 |
1 |
0 |
|a Medical anthropology and the world system /
|c Hans A. Baer, Merrill Singer, and Ida Susser.
|
| 250 |
|
|
|a 2nd ed.
|
| 260 |
|
|
|a Westport, Conn. :
|b Praeger,
|c 2003.
|
| 300 |
|
|
|a x, 429 p. ;
|c 24 cm.
|
| 504 |
|
|
|a Includes bibliographical references (p. [383]-424) and index.
|
| 541 |
1 |
|
|e 00026533
|
| 650 |
|
0 |
|a Medical anthropology.
|
| 700 |
1 |
|
|a Singer, Merrill.
|
| 700 |
1 |
|
|a Susser, Ida.
|
| 852 |
1 |
|
|a Ayesha Abed library
|c General Shelf
|
| 999 |
|
|
|c 13124
|d 13124
|
| 952 |
|
|
|0 0
|1 0
|2 ddc
|4 0
|6 306_461000000000000_BAE
|7 0
|9 21843
|a JPGSPH
|b JPGSPH
|d 2013-01-21
|e Trim Education
|g 2475.00
|l 0
|o 306.461 BAE
|p 3060026533
|r 2013-01-21
|t 1
|w 2013-01-21
|y BK
|